000 00313nam a2200133 i 4500
001 bg
100 1 _aOSSOWSKI, S.
245 0 _aPublicystyka, recenzje, posłowie... /
_cS. Ossowski.
260 _aWarszawa,
_c1970.
040 _cBPK
041 _apol
942 _cKS
008 s pl f |000 0 pol
999 _c21356
_d21356
856 _uhttp://koha.tu.koszalin.pl/cgi-bin/koha/opac-detail.pl?biblionumber=21356
_yKatalog online BPK